| 000 | 00607nam a22002057a 4500 | ||
|---|---|---|---|
| 999 |
_c182690 _d182690 |
||
| 005 | 20211201171101.0 | ||
| 010 | _aENG-130163 | ||
| 020 |
_a978-93-90085-48-4 _c450.00 |
||
| 035 | _aEN-113695 | ||
| 037 | _bDBAD/PUB | ||
| 082 | _a428.1 | ||
| 100 | _aMalhotra, Rajiv. | ||
| 245 |
_aSanskrit No.-Translatables _cRajiv Malhotra |
||
| 250 | _a2020 | ||
| 260 |
_bManjul Publishing House Pvt. Ltd _c2020 |
||
| 270 |
_a7/32, Ansari Road, Daryaganj _bNew Delhi _e110002 |
||
| 300 |
_axivii, 251p. _c24cm (hbk) _bIndex |
||
| 700 | _aSatanarayana Dasa Babaji | ||
| 942 |
_2ddc _cEN _h428.1 _mSAN |
||